Contabilidad de costos (Registro nro. 1155)

Detalles MARC
000 -LEADER
fixed length control field 00915 a2200205 4500
001 - CONTROL NUMBER
control field 24022
005 - DATE AND TIME OF LATEST TRANSACTION
control field 20260407155526.0
008 - FIXED-LENGTH DATA ELEMENTS--GENERAL INFORMATION
fixed length control field 260407a1966 arg spa d
003 - CONTROL NUMBER IDENTIFIER
control field AR-UNSa-BCEJYS
040 ## - CATALOGING SOURCE
Original cataloging agency AR-UNSa-BCEJYS
Language of cataloging spa
Transcribing agency AR-UNSa-BCEJYS
080 ## - UNIVERSAL DECIMAL CLASSIFICATION NUMBER
Universal Decimal Classification number 657.47
Common auxiliary subdivision Contabilidad de Costos
100 1# - MAIN ENTRY--PERSONAL NAME
Personal name Ortega Pérez de León, Armando
245 10 - TITLE STATEMENT
Title Contabilidad de costos
250 ## - EDITION STATEMENT
Edition statement 2a. ed
264 #1 - PRODUCTION, PUBLICATION, DISTRIBUTION, MANUFACTURE, AND COPYRIGHT NOTICE
Place of production, publication, distribution, manufacture México :
Name of producer, publisher, distributor, manufacturer Unión Tipográfica Editorial Hispano-Americana (UTEHA)
Date of production, publication, distribution, manufacture, or copyright notice 1966
300 ## - PHYSICAL DESCRIPTION
Extent xviii, 777 p.
Dimensions 23 cm.
505 ## - FORMATTED CONTENTS NOTE
Formatted contents note 1. Introducción a la contabilidad de costos - 2. Costos históricos.El sistema de costos por ordenes de producción.Organización administrativo-contable y de control de cada uno de los tres elementos del costo de producción y de la producción en proceso.Informes de costos - 3. Sistemas de costos por procesos.
590 ## - LOCAL NOTE (RLIN)
Local note niveau_biblio:m niveau_hierar:0
942 ## - ADDED ENTRY ELEMENTS (KOHA)
Koha item type
Existencias
Withdrawn status Lost status Damaged status Not for loan Home library Current library Shelving location Date acquired Total checkouts Full call number Barcode Date last seen Price effective from Koha item type Public note
        Biblioteca Prof. Eusebio Cleto del Rey Biblioteca Prof. Eusebio Cleto del Rey   07/04/2026   657.47 O77 2ed. L21172 07/04/2026 07/04/2026 Libro  
        Biblioteca Prof. Eusebio Cleto del Rey Biblioteca Prof. Eusebio Cleto del Rey   07/04/2026   657.47 O77 2ed. L21385 07/04/2026 07/04/2026 Libro  
        Biblioteca Prof. Eusebio Cleto del Rey Biblioteca Prof. Eusebio Cleto del Rey   07/04/2026   657.47 O77 2ed. L21323 07/04/2026 07/04/2026 Libro SUBRAYADO CON LÁPIZ Y LAPICERA AZUL Y ROJA - RESALTADOR - CINTA EN PÁG 94
        Biblioteca Prof. Eusebio Cleto del Rey Biblioteca Prof. Eusebio Cleto del Rey   07/04/2026   657.47 O77 2ed. L21322 07/04/2026 07/04/2026 Libro